Programozás az alapiskola alsó tagozata számára munkafüzet 2. rész

Bibliographic Details
Main Authors: Kalaš, Ivan, 1957- (Author), Blaho, Andrej, 1957- (Author), Moravčík, Milan, 1982- (Author)
Other Authors: Nagyová, Beáta (Translator)
Format: Book
Language:Hungarian
Slovak
PhysicalDescription:40 strán ilustrácie 30 cm
Published: Bratislava Indícia 2024
ISBN:9788082760388
Edition:1. kiadás
Subjects:

MARC

LEADER 00000nam a2200000 4500
001 vtls012260882
003 SK-MaSNL
005 20260302095606.0
008 240723s2024 xo a c p 000 0 hun
015 |a SNBA2024/08 
020 |a 9788082760388  |q (brožované) 
040 |a SNK  |b slo  |c SNK  |e rda 
041 1 |a hun  |h slo 
044 |a xo  |c SK 
072 7 |a 004.4/.6  |x Programovanie. Softvér  |2 konspekt 
072 7 |a 37.016  |x Učebné osnovy. Vyučovacie predmety. Učebnice  |2 konspekt 
080 |a 007+004  |2 2011 
080 |a 004.42  |2 2011 
080 |a (075.2)  |2 2011 
080 |a (076.1)  |2 2011 
100 1 |a Kalaš, Ivan,  |d 1957-  |4 aut  |9 99347 
245 1 0 |a Programozás az alapiskola alsó tagozata számára  |b munkafüzet  |n 2. rész  |c szerzők Ivan Kalaš, Andrej Blaho, Milan Moravčík 
250 |a 1. kiadás 
264 1 |a Bratislava  |b Indícia  |c 2024 
300 |a 40 strán  |b ilustrácie  |c 30 cm 
336 |a text  |b txt  |2 rdacontent 
336 |a statický obraz  |b sti  |2 rdacontent 
337 |a bez média  |b n  |2 rdamedia 
338 |a zväzok  |b nc  |2 rdacarrier 
500 |a Preložené zo slovenčiny 
650 0 7 |a informatika  |2 SNKPH  |9 1124 
650 0 7 |a Informatics  |2 SNKPHeng  |9 267334 
650 0 7 |a Programming  |2 SNKPHeng  |9 302464 
650 0 7 |a programovanie  |2 SNKPH  |9 22041 
655 7 |a učebnice základných škôl  |2 SNKPH  |9 70187 
655 7 |a pracovné zošity  |2 SNKPH  |9 70188 
655 7 |a Activity books  |2 SNKPHeng  |9 302885 
655 7 |a Textbooks (elementary)  |2 SNKPHeng  |9 276977 
700 1 |a Blaho, Andrej,  |d 1957-  |4 aut  |9 93125 
700 1 |a Moravčík, Milan,  |d 1982-  |4 aut  |9 205436 
700 1 |a Nagyová, Beáta  |4 trl  |9 556797 
787 0 8 |i Zo série:  |t Informatika Emillel AI 
852 |a Slovenská národná knižnica 
919 |a 978-80-8276-038-8 
954 |a odborná, vedecká literatúra pôvodná (slovenská)  |2 lita 
999 |c 1217510  |d 1219440 
952 |a SNK  |b SNK  |y PREZ  |7 0  |p 17A1551405  |o snkOSB 21458  |i snk2024/11743  |8 0  |0 0  |1 0  |4 0  |d 2024-07-23  |l 0  |r 2026-02-24 23:33:39  |w 2026-02-24 
952 |a SNK  |b SNK  |y VYP  |7 0  |p 17A1551404  |o snkOSB 21458 D1  |i snk2024/11744  |8 0  |0 0  |1 0  |4 0  |d 2024-07-23  |l 0  |r 2026-02-24 23:33:39  |w 2026-02-24